000 00474nam a2200181Ia 4500
005 20231103110937.0
008 131103s9999 xx 000 0 und d
040 _aLoreto College
041 _aEnglish
082 _aF
_bSMI
100 _aSmith,Wilbur
245 4 _aThe Leopard hunts in darkness
_cWilbur Smith
260 _aLondon
_bPan Books in association with Heinemann
_c1984
300 _a429 p.
650 _aFiction in English
850 _aLCLIB
942 _cBK
999 _c15229
_d65708